Xác định lại vị trí địa lý kinh tế của tiểu vùng sông Mê Công mỏ rộng và hàm ý cho Việt Nam /
में बचाया:
| मुख्य लेखक: | |
|---|---|
| स्वरूप: | लेख |
| भाषा: | Vietnamese |
| विषय: | |
| टैग : |
टैग जोड़ें
कोई टैग नहीं, इस रिकॉर्ड को टैग करने वाले पहले व्यक्ति बनें!
|
| Thư viện lưu trữ: | Thư viện Trường Đại học Đà Lạt |
|---|
| LEADER | 00883nam a2200265 4500 | ||
|---|---|---|---|
| 001 | DLU110127613 | ||
| 005 | ##20111108 | ||
| 040 | # | # | |a DLU |b vie |
| 041 | # | # | |a vie |
| 044 | # | # | |a vn |
| 100 | # | # | |a Nguyễn Hồng Nhung, |c TS. |
| 245 | # | # | |a Xác định lại vị trí địa lý kinh tế của tiểu vùng sông Mê Công mỏ rộng và hàm ý cho Việt Nam / |c Nguyễn Hồng Nhung. |
| 653 | # | # | |a Địa lý kinh tế |
| 653 | # | # | |a Tranh chấp chủ quyền |
| 653 | # | # | |a Vị trí địa lí |
| 773 | # | # | |t Tạp chí nghiên cứu Châu Phi và Trung Đông |g Số 2(54), 2010, tr. 32-41 |
| 920 | # | # | |a Phòng Tạp chí -- Trung tâm Thông tin - Thư viện Trường Đại học Đà Lạt |
| 994 | # | # | |a DLU |
| 900 | # | # | |a True |
| 911 | # | # | |a Nguyễn Thị Linh Chi |
| 925 | # | # | |a G |
| 926 | # | # | |a A |
| 927 | # | # | |a BB |
| 980 | # | # | |a Thư viện Trường Đại học Đà Lạt |